Alle deutschen Bundesratspräsidenten - Statistiken

Allgemein
  • Dieses Quiz wurde 52 mal gespielt
  • Das Durchschnittsergebnis liegt bei 25 aus 75
Antwortstatistiken
Beginn der Amtszeit Bundesratspräsident(in) Land Partei % Korrekt
2017 Michael Müller Berlin SPD
89%
2008 Peter Müller Saarland CDU
86%
2012 Winfried Kretschmann Baden-Württemberg Grüne
81%
2011 Horst Seehofer Bayern CSU
78%
2018 Daniel Günther Schleswig-Holstein CDU
76%
1955 Kai-Uwe von Hassel Schleswig-Holstein CDU
76%
2010 Hannelore Kraft Nordrhein-Westfalen SPD
73%
2016 Malu Dreyer Rheinland-Pfalz SPD
73%
1995 Edmund Stoiber Bayern CSU
70%
2014 Volker Bouffier Hessen CDU
70%
2020 Reiner Haseloff Sachsen-Anhalt CDU
68%
1997 Gerhard Schröder Niedersachsen SPD
65%
2013 Stephan Weil Niedersachsen SPD
65%
2019 Dietmar Woidke Brandenburg SPD
62%
1983 Franz Josef Strauß Bayern CSU
62%
2000 Kurt Beck Rheinland-Pfalz SPD
59%
1982 Johannes Rau Nordrhein-Westfalen SPD
57%
1994 Johannes Rau Nordrhein-Westfalen SPD
57%
2001 Klaus Wowereit Berlin SPD
54%
1999 Roland Koch Hessen CDU
51%
1976 Bernhard Vogel Rheinland-Pfalz CDU
46%
1987 Bernhard Vogel Rheinland-Pfalz CDU
46%
2007 Ole von Beust Hamburg CDU
46%
1999 Kurt Biedenkopf Sachsen CDU
43%
2004 Matthias Platzeck Brandenburg SPD
43%
2015 Stanislaw Tillich Sachsen CDU
43%
2003 Dieter Althaus Thüringen CDU
41%
1996 Erwin Teufel Baden-Württemberg CDU
41%
1998 Hans Eichel Hessen SPD
38%
1984 Lothar Späth Baden-Württemberg CDU
38%
1992 Oskar Lafontaine Saarland SPD
38%
2005 Peter Harry Carstensen Schleswig-Holstein CDU
35%
1989 Walter Momper Berlin SPD
35%
1988 Björn Engholm Schleswig-Holstein SPD
32%
1985 Ernst Albrecht Niedersachsen CDU
32%
1957 Willy Brandt Berlin SPD
30%
2006 Harald Ringstorff Mecklenburg-Vorpommern SPD
24%
1952 Reinhold Maier Baden-Württemberg FDP/DVP
24%
1987 Walter Wallmann Hessen CDU
24%
1972 Alfons Goppel Bayern CSU
22%
1977 Gerhard Stoltenberg Schleswig-Holstein CDU
19%
1990 Henning Voscherau Hamburg SPD
19%
2009 Jens Böhrnsen Bremen SPD
19%
2002 Wolfgang Böhmer Sachsen-Anhalt CDU
19%
1953 Georg-August Zinn Hessen SPD
16%
1964 Georg-August Zinn Hessen SPD
16%
1986 Holger Börner Hessen SPD
16%
1992 Berndt Seite Mecklenburg-Vorpommern CDU
14%
1959 Franz-Josef Röder Saarland CDU
14%
1969 Franz-Josef Röder Saarland CDU
14%
1950 Hans Ehard Bayern CSU
14%
1961 Hans Ehard Bayern CSU
14%
1973 Hans Filbinger Baden-Württemberg CDU
14%
1962 Kurt Georg Kiesinger Baden-Württemberg CDU
14%
1954 Peter Altmeier Rheinland-Pfalz CDU
14%
1965 Peter Altmeier Rheinland-Pfalz CDU
14%
1978 Dietrich Stobbe Berlin SPD
11%
1970 Hans Koschnick Bremen SPD
11%
1981 Hans Koschnick Bremen SPD
11%
1971 Heinz Kühn Nordrhein-Westfalen SPD
11%
1967 Klaus Schütz Berlin SPD
11%
1993 Klaus Wedemeier Bremen SPD
11%
1975 Albert Osswald Hessen SPD
8%
1991 Alfred Gomolka Mecklenburg-Vorpommern CDU
8%
1951 Hinrich Wilhelm Kopf Niedersachsen SPD
8%
1949 Karl Arnold Nordrhein-Westfalen CDU
8%
1980 Werner Zeyer Saarland CDU
8%
1958 Wilhelm Kaisen Bremen SPD
5%
1963 Georg Diederichs Niedersachsen SPD
3%
1974 Alfred Kubel Niedersachsen SPD
0%
1960 Franz Meyers Nordrhein-Westfalen CDU
0%
1979 Hans-Ulrich Klose Hamburg SPD
0%
1966 Helmut Lemke Schleswig-Holstein CDU
0%
1968 Herbert Weichmann Hamburg SPD
0%
1956 Kurt Sieveking Hamburg CDU
0%
Keine übereinstimmenden Quizze gefunden
Verteilung der Resultate
Anzahl Personen mit jedem Resultat
Perzentil nach korrekt beantworteten Fragen
Ihre Resultats-Entwicklung
Sie haben dieses Quiz noch nicht gespielt